[Versek]

Elmentve itt :
Bibliográfiai részletek
Szerző: Novaković Antonija
További közreműködők: Bencsik Orsolya
Dokumentumtípus: Cikk
Megjelent: 2012
Sorozat:Tiszatáj 66 No. 6
Kulcsszavak:Horvát irodalom - vers - 20-21. sz.
Online Access:http://tiszataj.bibl.u-szeged.hu/21406
LEADER 00608nab a2200193 i 4500
001 tisza21406
005 20200331093436.0
008 161128s2012 hu o 0|| hun d
022 |a 0133-1167 
040 |a SZTE Tiszatáj Archívum  |b hun 
041 |a hun 
100 1 |a Novaković Antonija 
245 1 0 |a [Versek]  |h [elektronikus dokumentum] /  |c  Novaković Antonija 
260 |c 2012 
300 |a 23-26 
490 0 |a Tiszatáj  |v 66 No. 6 
695 |a Horvát irodalom - vers - 20-21. sz. 
700 0 1 |a Bencsik Orsolya 
856 4 0 |u http://tiszataj.bibl.u-szeged.hu/21406/1/tiszataj_2012_006_023-026.pdf  |z Dokumentum-elérés